[Event "45th FIDE Chess Olympiad Open"]
[Site "Budapest, Hungary"]
[Date "2024.09.20"]
[Round "9"]
[White "Ragger, Markus"]
[Black "Shevchenko, Kirill"]
[Result "1/2-1/2"]
[Board "54"]
[WhiteFideId "1610856"]
[BlackFideId "14129574"]
[WhiteTitle "GM"]
[BlackTitle "GM"]
[WhiteElo "2601"]
[BlackElo "2673"]
[WhiteTeam "Austria"]
[BlackTeam "Romania"]
[WhiteClock "0:21:59"]
[BlackClock "0:23:41"]
[Variant "Standard"]

1. d4 {[%clk 1:30:57]}  Nf6 {[%clk 1:30:23]} 2. c4 {[%clk 1:31:24]}  g6 {[%clk 1:30:48]} 3. g3 {[%clk 1:31:47]}  Bg7 {[%clk 1:29:36]} 4. Bg2 {[%clk 1:32:10]}  O-O {[%clk 1:30:02]} 5. Nc3 {[%clk 1:32:35]}  d6 {[%clk 1:29:33]} 6. Nf3 {[%clk 1:32:58]}  Bf5 {[%clk 1:26:53]} 7. O-O {[%clk 1:32:48]}  Ne4 {[%clk 1:26:47]} 8. Nh4 {[%clk 1:20:55]}  Nxc3 {[%clk 1:27:03]} 9. bxc3 {[%clk 1:21:23]}  Bc8 {[%clk 1:27:32]} 10. f4 {[%clk 1:16:17]}  c5 {[%clk 1:20:14]} 11. f5 {[%clk 1:05:10]}  Nc6 {[%clk 1:15:30]} 12. Be3 {[%clk 0:55:41]}  Bd7 {[%clk 0:56:20]} 13. Rb1 {[%clk 0:51:02]}  Na5 {[%clk 0:42:49]} 14. Qd3 {[%clk 0:48:39]}  cxd4 {[%clk 0:38:21]} 15. cxd4 {[%clk 0:45:58]}  e6 {[%clk 0:38:41]} 16. fxg6 {[%clk 0:41:17]}  hxg6 {[%clk 0:36:40]} 17. Bxb7 {[%clk 0:40:45]}  Nxb7 {[%clk 0:35:48]} 18. Rxb7 {[%clk 0:41:13]}  Bc6 {[%clk 0:35:19]} 19. Rbxf7 {[%clk 0:24:53]}  Rxf7 {[%clk 0:35:08]} 20. Rxf7 {[%clk 0:25:03]}  Kxf7 {[%clk 0:34:29]} 21. Qxg6+ {[%clk 0:25:32]}  Kg8 {[%clk 0:20:48]} 22. Qxe6+ {[%clk 0:25:24]}  Kh7 {[%clk 0:21:12]} 23. Qf5+ {[%clk 0:24:49]}  Kg8 {[%clk 0:21:21]} 24. Qe6+ {[%clk 0:23:47]}  Kh7 {[%clk 0:21:42]} 25. Qf5+ {[%clk 0:19:47]}  Kg8 {[%clk 0:22:07]} 26. Qe6+ {[%clk 0:20:14]}  Kh7 {[%clk 0:22:33]} 27. Qf5+ {[%clk 0:20:40]}  Kg8 {[%clk 0:22:59]} 28. Qe6+ {[%clk 0:21:06]}  Kh7 {[%clk 0:23:19]} 29. Qf5+ {[%clk 0:21:32]}  Kg8 {[%clk 0:23:41]} 30. Qe6+ {[%clk 0:21:59]} 1/2-1/2

[Event "45th FIDE Chess Olympiad Open"]
[Site "Budapest, Hungary"]
[Date "2024.09.20"]
[Round "9"]
[White "Lupulescu, Constantin"]
[Black "Blohberger, Felix"]
[Result "1/2-1/2"]
[Board "55"]
[WhiteFideId "1207822"]
[BlackFideId "1632051"]
[WhiteTitle "GM"]
[BlackTitle "GM"]
[WhiteElo "2590"]
[BlackElo "2520"]
[WhiteTeam "Romania"]
[BlackTeam "Austria"]
[WhiteClock "0:02:27"]
[BlackClock "0:02:31"]
[Variant "Standard"]

1. c4 {[%clk 1:30:57]}  e6 {[%clk 1:30:46]} 2. Nc3 {[%clk 1:31:17]}  d5 {[%clk 1:31:11]} 3. d4 {[%clk 1:31:42]}  Nf6 {[%clk 1:31:37]} 4. cxd5 {[%clk 1:31:58]}  exd5 {[%clk 1:32:01]} 5. Bg5 {[%clk 1:32:12]}  Be7 {[%clk 1:32:22]} 6. e3 {[%clk 1:32:01]}  h6 {[%clk 1:32:44]} 7. Bh4 {[%clk 1:28:20]}  Bg4 {[%clk 1:32:45]} 8. Nf3 {[%clk 1:27:13]}  c6 {[%clk 1:27:24]} 9. Qc2 {[%clk 1:19:11]}  Nbd7 {[%clk 1:25:07]} 10. Bd3 {[%clk 1:14:28]}  O-O {[%clk 1:22:21]} 11. O-O {[%clk 1:12:20]}  Bxf3 {[%clk 0:56:50]} 12. gxf3 {[%clk 1:12:18]}  Nh5 {[%clk 0:56:09]} 13. Bg3 {[%clk 1:12:08]}  Ndf6 {[%clk 0:46:09]} 14. Rab1 {[%clk 0:54:33]}  Nxg3 {[%clk 0:39:42]} 15. hxg3 {[%clk 0:54:53]}  c5 {[%clk 0:39:57]} 16. dxc5 {[%clk 0:52:50]}  Bxc5 {[%clk 0:37:35]} 17. Rfd1 {[%clk 0:45:38]}  Bb4 {[%clk 0:35:33]} 18. a3 {[%clk 0:37:29]}  Bxc3 {[%clk 0:34:42]} 19. Qxc3 {[%clk 0:37:17]}  Rc8 {[%clk 0:17:34]} 20. Qd4 {[%clk 0:36:42]}  Qa5 {[%clk 0:13:52]} 21. Rbc1 {[%clk 0:34:53]}  Rfd8 {[%clk 0:12:29]} 22. Bf5 {[%clk 0:28:06]}  Rxc1 {[%clk 0:10:32]} 23. Rxc1 {[%clk 0:28:31]}  Ne8 {[%clk 0:09:10]} 24. Bd3 {[%clk 0:23:17]}  Qb6 {[%clk 0:06:54]} 25. Qxb6 {[%clk 0:21:50]}  axb6 {[%clk 0:07:20]} 26. Rc3 {[%clk 0:12:16]}  g6 {[%clk 0:07:21]} 27. Rb3 {[%clk 0:10:46]}  Rd6 {[%clk 0:07:46]} 28. e4 {[%clk 0:10:56]}  Kf8 {[%clk 0:07:03]} 29. exd5 {[%clk 0:09:48]}  Ke7 {[%clk 0:05:46]} 30. Bc4 {[%clk 0:05:26]}  Kd8 {[%clk 0:03:54]} 31. f4 {[%clk 0:04:24]}  Nf6 {[%clk 0:04:12]} 32. Kg2 {[%clk 0:04:10]}  Kc7 {[%clk 0:03:28]} 33. Rc3 {[%clk 0:03:44]}  Kd8 {[%clk 0:03:07]} 34. Kf3 {[%clk 0:03:55]}  h5 {[%clk 0:02:54]} 35. Rb3 {[%clk 0:03:09]}  Kc7 {[%clk 0:03:03]} 36. Rc3 {[%clk 0:03:29]}  Kd8 {[%clk 0:03:29]} 37. Re3 {[%clk 0:02:35]}  Kd7 {[%clk 0:02:45]} 38. Bb5+ {[%clk 0:02:27]}  Kd8 {[%clk 0:03:10]} 39. Bc4 {[%clk 0:02:51]}  Kd7 {[%clk 0:03:37]} 40. Rd3 {[%clk 0:02:39]}  Kd8 {[%clk 0:02:20]} 41. Rd2 {[%clk 0:27:40]}  Ke7 {[%clk 0:29:31]} 42. Ke3 {[%clk 0:25:20]}  Ng4+ {[%clk 0:28:37]} 43. Kd4 {[%clk 0:25:06]}  Rd8 {[%clk 0:28:24]} 44. Bf1 {[%clk 0:14:39]}  Kd6 {[%clk 0:27:16]} 45. Kc4 {[%clk 0:10:21]}  Ra8 {[%clk 0:23:00]} 46. Kb5 {[%clk 0:08:02]}  Ra6 {[%clk 0:23:26]} 47. Bg2 {[%clk 0:07:24]}  Nf6 {[%clk 0:23:11]} 48. Bf3 {[%clk 0:05:48]}  Ne8 {[%clk 0:22:30]} 49. f5 {[%clk 0:05:12]}  Nc7+ {[%clk 0:20:47]} 50. Kb4 {[%clk 0:03:18]}  Ra8 {[%clk 0:18:53]} 51. Kc3 {[%clk 0:02:28]}  Rh8 {[%clk 0:18:02]} 52. fxg6 {[%clk 0:02:39]}  fxg6 {[%clk 0:18:26]} 53. Be4 {[%clk 0:01:25]}  g5 {[%clk 0:18:03]} 54. Kd4 {[%clk 0:01:36]}  h4 {[%clk 0:16:19]} 55. gxh4 {[%clk 0:02:00]}  gxh4 {[%clk 0:16:10]} 56. f3 {[%clk 0:02:08]}  h3 {[%clk 0:09:36]} 57. Rh2 {[%clk 0:02:25]}  Rh6 {[%clk 0:07:43]} 58. Ke3 {[%clk 0:02:00]}  Nxd5+ {[%clk 0:07:51]} 59. Bxd5 {[%clk 0:02:22]}  Kxd5 {[%clk 0:08:12]} 60. Kf4 {[%clk 0:02:37]}  Rf6+ {[%clk 0:03:16]} 61. Kg3 {[%clk 0:01:25]}  Kd4 {[%clk 0:03:29]} 62. Rxh3 {[%clk 0:01:51]}  Ke3 {[%clk 0:03:42]} 63. Kg2 {[%clk 0:01:59]}  Ke2 {[%clk 0:01:58]} 64. Rg3 {[%clk 0:01:22]}  Rf7 {[%clk 0:01:54]} 65. a4 {[%clk 0:01:29]}  Rf4 {[%clk 0:01:44]} 66. b3 {[%clk 0:01:48]}  Rf7 {[%clk 0:01:59]} 67. b4 {[%clk 0:01:18]}  Rf4 {[%clk 0:02:06]} 68. b5 {[%clk 0:01:23]}  Rf7 {[%clk 0:01:26]} 69. Rg6 {[%clk 0:01:16]}  Rxf3 {[%clk 0:01:51]} 70. Rxb6 {[%clk 0:01:41]}  Rf7 {[%clk 0:01:54]} 71. Rd6 {[%clk 0:01:33]}  Ke3 {[%clk 0:01:30]} 72. b6 {[%clk 0:00:51]}  Ke4 {[%clk 0:01:33]} 73. a5 {[%clk 0:00:56]}  Rf5 {[%clk 0:00:57]} 74. Rd7 {[%clk 0:00:42]}  Rxa5 {[%clk 0:01:19]} 75. Rxb7 {[%clk 0:01:09]}  Kd5 {[%clk 0:00:52]} 76. Rh7 {[%clk 0:01:10]}  Kc6 {[%clk 0:01:15]} 77. b7 {[%clk 0:01:37]}  Rb5 {[%clk 0:01:41]} 78. Kf3 {[%clk 0:02:00]}  Rxb7 {[%clk 0:02:07]} 79. Rxb7 {[%clk 0:02:27]}  Kxb7 {[%clk 0:02:31]} 1/2-1/2

[Event "45th FIDE Chess Olympiad Open"]
[Site "Budapest, Hungary"]
[Date "2024.09.20"]
[Round "9"]
[White "Baidetskyi, Valentin"]
[Black "Nisipeanu, Liviu-Dieter"]
[Result "1/2-1/2"]
[Board "56"]
[WhiteFideId "14142317"]
[BlackFideId "1202758"]
[WhiteTitle "IM"]
[BlackTitle "GM"]
[WhiteElo "2512"]
[BlackElo "2580"]
[WhiteTeam "Austria"]
[BlackTeam "Romania"]
[WhiteClock "0:01:09"]
[BlackClock "0:12:08"]
[Variant "Standard"]

1. e4 {[%clk 1:30:57]}  e5 {[%clk 1:30:52]} 2. Nf3 {[%clk 1:31:21]}  Nc6 {[%clk 1:31:17]} 3. d4 {[%clk 1:31:47]}  exd4 {[%clk 1:31:41]} 4. Nxd4 {[%clk 1:32:14]}  Nf6 {[%clk 1:32:02]} 5. Nxc6 {[%clk 1:32:36]}  bxc6 {[%clk 1:32:27]} 6. Nd2 {[%clk 1:33:00]}  d5 {[%clk 1:31:41]} 7. exd5 {[%clk 1:33:25]}  cxd5 {[%clk 1:32:05]} 8. Bb5+ {[%clk 1:33:50]}  Bd7 {[%clk 1:32:30]} 9. Bxd7+ {[%clk 1:34:15]}  Qxd7 {[%clk 1:32:56]} 10. O-O {[%clk 1:34:35]}  Be7 {[%clk 1:33:09]} 11. b3 {[%clk 1:34:59]}  O-O {[%clk 1:29:36]} 12. Bb2 {[%clk 1:30:58]}  Qf5 {[%clk 1:17:07]} 13. Re1 {[%clk 1:26:14]}  Bc5 {[%clk 1:14:53]} 14. Nf3 {[%clk 1:26:37]}  Ne4 {[%clk 1:14:18]} 15. Re2 {[%clk 1:25:38]}  Rad8 {[%clk 0:51:52]} 16. Qd3 {[%clk 1:20:40]}  Qg6 {[%clk 0:47:03]} 17. Nd4 {[%clk 1:02:56]}  Bb6 {[%clk 0:43:07]} 18. b4 {[%clk 0:35:26]}  c5 {[%clk 0:39:55]} 19. bxc5 {[%clk 0:35:24]}  Bxc5 {[%clk 0:40:21]} 20. Nb3 {[%clk 0:33:19]}  Bb6 {[%clk 0:38:21]} 21. a4 {[%clk 0:29:51]}  Rc8 {[%clk 0:37:06]} 22. Rc1 {[%clk 0:18:26]}  a5 {[%clk 0:18:36]} 23. Bd4 {[%clk 0:11:02]}  h6 {[%clk 0:13:09]} 24. Re3 {[%clk 0:07:44]}  Rfd8 {[%clk 0:10:06]} 25. Rce1 {[%clk 0:02:41]}  Qc6 {[%clk 0:09:17]} 26. Qb5 {[%clk 0:01:17]}  Bxd4 {[%clk 0:08:17]} 27. Nxd4 {[%clk 0:01:34]}  Qf6 {[%clk 0:08:42]} 28. Nf3 {[%clk 0:00:55]}  Rxc2 {[%clk 0:08:40]} 29. Qxa5 {[%clk 0:00:35]}  Rxf2 {[%clk 0:05:36]} 30. Rd1 {[%clk 0:00:47]}  Re8 {[%clk 0:03:45]} 31. Qxd5 {[%clk 0:01:02]}  Qg6 {[%clk 0:03:46]} 32. g3 {[%clk 0:00:41]}  Rb2 {[%clk 0:02:23]} 33. Rde1 {[%clk 0:00:57]}  Qb6 {[%clk 0:01:38]} 34. a5 {[%clk 0:00:36]}  Qa7 {[%clk 0:00:58]} 35. Qd4 {[%clk 0:00:53]}  Qxd4 {[%clk 0:00:43]} 36. Nxd4 {[%clk 0:01:22]}  Ra8 {[%clk 0:00:56]} 37. Rxe4 {[%clk 0:01:41]}  Rxa5 {[%clk 0:01:22]} 38. R4e2 {[%clk 0:00:40]}  Rxe2 {[%clk 0:01:35]} 39. Rxe2 {[%clk 0:01:07]}  g6 {[%clk 0:01:55]} 40. Kg2 {[%clk 0:01:14]}  h5 {[%clk 0:02:17]} 41. Nf3 {[%clk 0:00:35]}  Ra7 {[%clk 0:00:48]} 42. Ne5 {[%clk 0:19:42]}  Kg7 {[%clk 0:31:04]} 43. Kf3 {[%clk 0:18:58]}  Kf6 {[%clk 0:30:26]} 44. Nc4 {[%clk 0:18:38]}  Kg7 {[%clk 0:29:38]} 45. Nd6 {[%clk 0:13:39]}  Ra6 {[%clk 0:29:26]} 46. Rd2 {[%clk 0:13:11]}  Ra7 {[%clk 0:29:26]} 47. Ke4 {[%clk 0:13:11]}  Ra4+ {[%clk 0:29:28]} 48. Rd4 {[%clk 0:12:50]}  Ra2 {[%clk 0:29:37]} 49. h4 {[%clk 0:13:11]}  Re2+ {[%clk 0:26:55]} 50. Kf3 {[%clk 0:12:18]}  Re7 {[%clk 0:27:08]} 51. Rd3 {[%clk 0:11:57]}  Re6 {[%clk 0:24:47]} 52. Kf4 {[%clk 0:11:44]}  Kf8 {[%clk 0:22:49]} 53. Ne4 {[%clk 0:11:49]}  Re7 {[%clk 0:23:07]} 54. Nd6 {[%clk 0:08:54]}  Re6 {[%clk 0:23:08]} 55. Nc4 {[%clk 0:08:45]}  Kg7 {[%clk 0:18:50]} 56. Rd7 {[%clk 0:08:15]}  Rf6+ {[%clk 0:18:58]} 57. Ke4 {[%clk 0:08:21]}  Rf1 {[%clk 0:18:39]} 58. Nd6 {[%clk 0:06:36]}  Kf8 {[%clk 0:17:04]} 59. Ra7 {[%clk 0:05:23]}  Kg8 {[%clk 0:16:38]} 60. Kd5 {[%clk 0:00:38]}  Rf3 {[%clk 0:16:04]} 61. Ne4 {[%clk 0:00:58]}  Kg7 {[%clk 0:15:58]} 62. Ng5 {[%clk 0:01:01]}  Rf1 {[%clk 0:16:06]} 63. Kd6 {[%clk 0:00:55]}  Kf8 {[%clk 0:15:38]} 64. Kd7 {[%clk 0:00:35]}  Rd1+ {[%clk 0:15:44]} 65. Kc8 {[%clk 0:01:02]}  Rf1 {[%clk 0:14:14]} 66. Kd8 {[%clk 0:01:26]}  Rd1+ {[%clk 0:14:09]} 67. Rd7 {[%clk 0:01:54]}  Rf1 {[%clk 0:14:33]} 68. Ne4 {[%clk 0:00:36]}  Ra1 {[%clk 0:14:16]} 69. Ng5 {[%clk 0:00:54]}  Rf1 {[%clk 0:14:41]} 70. Rd3 {[%clk 0:00:51]}  Ra1 {[%clk 0:14:44]} 71. Ne4 {[%clk 0:00:32]}  Ra8+ {[%clk 0:13:13]} 72. Kd7 {[%clk 0:00:56]}  Ra7+ {[%clk 0:13:36]} 73. Kd6 {[%clk 0:01:21]}  Ra6+ {[%clk 0:13:43]} 74. Kd5 {[%clk 0:01:39]}  Ra5+ {[%clk 0:13:45]} 75. Nc5 {[%clk 0:01:56]}  Kg7 {[%clk 0:13:24]} 76. Kd6 {[%clk 0:02:23]}  Ra1 {[%clk 0:13:41]} 77. Re3 {[%clk 0:01:47]}  Kf8 {[%clk 0:12:51]} 78. Nd7+ {[%clk 0:01:51]}  Kg7 {[%clk 0:13:16]} 79. Ke7 {[%clk 0:02:12]}  Ra6 {[%clk 0:12:07]} 80. Re4 {[%clk 0:00:44]}  Ra3 {[%clk 0:12:02]} 81. Ne5 {[%clk 0:00:59]}  Ra7+ {[%clk 0:11:59]} 82. Kd6 {[%clk 0:00:52]}  Ra6+ {[%clk 0:12:16]} 83. Kd7 {[%clk 0:00:52]}  Ra7+ {[%clk 0:12:08]} 84. Ke8 {[%clk 0:01:09]} 1/2-1/2

[Event "45th FIDE Chess Olympiad Open"]
[Site "Budapest, Hungary"]
[Date "2024.09.20"]
[Round "9"]
[White "Schitco, Ivan"]
[Black "Rodshtein, Maxim"]
[Result "0-1"]
[Board "57"]
[WhiteFideId "13905465"]
[BlackFideId "2806851"]
[WhiteTitle "GM"]
[BlackTitle "GM"]
[WhiteElo "2527"]
[BlackElo "2600"]
[WhiteTeam "Moldova"]
[BlackTeam "Israel"]
[WhiteClock "0:01:57"]
[BlackClock "0:12:56"]
[Variant "Standard"]

1. c4 {[%clk 1:30:57]}  Nf6 {[%clk 1:30:34]} 2. Nf3 {[%clk 1:31:15]}  e6 {[%clk 1:29:58]} 3. g3 {[%clk 1:31:35]}  d5 {[%clk 1:30:14]} 4. Bg2 {[%clk 1:31:56]}  dxc4 {[%clk 1:29:48]} 5. Qa4+ {[%clk 1:32:16]}  Nbd7 {[%clk 1:29:47]} 6. Qxc4 {[%clk 1:32:19]}  a6 {[%clk 1:29:58]} 7. Qc2 {[%clk 1:31:54]}  c5 {[%clk 1:29:39]} 8. Nc3 {[%clk 1:29:11]}  Qc7 {[%clk 1:29:17]} 9. O-O {[%clk 1:23:47]}  b6 {[%clk 1:28:30]} 10. d4 {[%clk 1:22:26]}  Bb7 {[%clk 1:28:34]} 11. Bf4 {[%clk 1:21:59]}  Bd6 {[%clk 1:28:54]} 12. Bxd6 {[%clk 1:22:23]}  Qxd6 {[%clk 1:29:20]} 13. Rfd1 {[%clk 1:19:51]}  O-O {[%clk 1:28:16]} 14. e4 {[%clk 1:18:25]}  cxd4 {[%clk 1:16:01]} 15. Nxd4 {[%clk 1:17:31]}  Qc7 {[%clk 0:54:01]} 16. Rac1 {[%clk 1:04:17]}  Rad8 {[%clk 0:36:03]} 17. Qe2 {[%clk 0:54:54]}  Qb8 {[%clk 0:36:13]} 18. b4 {[%clk 0:52:19]}  g6 {[%clk 0:32:06]} 19. a4 {[%clk 0:45:48]}  Rc8 {[%clk 0:24:47]} 20. b5 {[%clk 0:27:10]}  axb5 {[%clk 0:23:05]} 21. Ndxb5 {[%clk 0:23:46]}  Rc5 {[%clk 0:20:34]} 22. Nd6 {[%clk 0:15:34]}  Bc6 {[%clk 0:20:52]} 23. f4 {[%clk 0:15:23]}  Bxa4 {[%clk 0:20:13]} 24. Nxa4 {[%clk 0:11:47]}  Rxc1 {[%clk 0:20:37]} 25. Rxc1 {[%clk 0:12:15]}  Qxd6 {[%clk 0:21:02]} 26. Qd1 {[%clk 0:11:35]}  Qa3 {[%clk 0:17:01]} 27. Rc3 {[%clk 0:07:02]}  Qb4 {[%clk 0:17:24]} 28. Rd3 {[%clk 0:04:43]}  b5 {[%clk 0:14:54]} 29. Rd4 {[%clk 0:03:48]}  Qa3 {[%clk 0:12:54]} 30. e5 {[%clk 0:02:09]}  Qe3+ {[%clk 0:12:44]} 31. Kh1 {[%clk 0:01:57]}  Ng4 {[%clk 0:12:56]} 0-1

[Event "45th FIDE Chess Olympiad Open"]
[Site "Budapest, Hungary"]
[Date "2024.09.20"]
[Round "9"]
[White "Nabaty, Tamir"]
[Black "Lashkin, Jegor"]
[Result "1/2-1/2"]
[Board "58"]
[WhiteFideId "2809052"]
[BlackFideId "13907808"]
[WhiteTitle "GM"]
[BlackTitle "FM"]
[WhiteElo "2630"]
[BlackElo "2472"]
[WhiteTeam "Israel"]
[BlackTeam "Moldova"]
[WhiteClock "0:16:43"]
[BlackClock "0:17:22"]
[Variant "Standard"]

1. d4 {[%clk 1:30:56]}  Nf6 {[%clk 1:30:51]} 2. c4 {[%clk 1:31:12]}  e6 {[%clk 1:31:20]} 3. Nf3 {[%clk 1:31:36]}  d5 {[%clk 1:31:45]} 4. e3 {[%clk 1:31:59]}  Be7 {[%clk 1:31:55]} 5. a3 {[%clk 1:30:06]}  O-O {[%clk 1:31:22]} 6. b4 {[%clk 1:28:08]}  a5 {[%clk 1:27:40]} 7. b5 {[%clk 1:28:29]}  c5 {[%clk 1:25:51]} 8. dxc5 {[%clk 1:27:44]}  Nbd7 {[%clk 1:16:01]} 9. c6 {[%clk 1:25:53]}  bxc6 {[%clk 1:15:37]} 10. bxc6 {[%clk 1:26:20]}  Nc5 {[%clk 1:12:53]} 11. Nc3 {[%clk 1:14:40]}  dxc4 {[%clk 0:55:17]} 12. Qxd8 {[%clk 0:48:02]}  Rxd8 {[%clk 0:55:31]} 13. Bxc4 {[%clk 0:48:17]}  Ba6 {[%clk 0:55:03]} 14. Bxa6 {[%clk 0:41:51]}  Rxa6 {[%clk 0:55:13]} 15. Nd4 {[%clk 0:41:54]}  e5 {[%clk 0:51:24]} 16. c7 {[%clk 0:40:47]}  Rc8 {[%clk 0:51:10]} 17. Ndb5 {[%clk 0:40:06]}  Ne6 {[%clk 0:50:14]} 18. Bd2 {[%clk 0:30:01]}  Nxc7 {[%clk 0:48:50]} 19. Nxc7 {[%clk 0:29:43]}  Rxc7 {[%clk 0:49:18]} 20. Ke2 {[%clk 0:30:10]}  a4 {[%clk 0:39:31]} 21. Rhb1 {[%clk 0:28:35]}  g6 {[%clk 0:36:20]} 22. Rb5 {[%clk 0:24:46]}  Bd6 {[%clk 0:29:34]} 23. f3 {[%clk 0:22:42]}  Rc5 {[%clk 0:18:21]} 24. e4 {[%clk 0:20:39]}  Kg7 {[%clk 0:14:30]} 25. Rb4 {[%clk 0:18:09]}  Rca5 {[%clk 0:08:51]} 26. Be3 {[%clk 0:12:16]}  Bc5 {[%clk 0:07:36]} 27. Rd1 {[%clk 0:10:09]}  Bxe3 {[%clk 0:04:37]} 28. Kxe3 {[%clk 0:10:36]}  h5 {[%clk 0:01:30]} 29. h4 {[%clk 0:09:28]}  Ra8 {[%clk 0:01:43]} 30. Rd6 {[%clk 0:09:13]}  Rc5 {[%clk 0:01:51]} 31. Rd3 {[%clk 0:04:47]}  Rca5 {[%clk 0:01:45]} 32. Kd2 {[%clk 0:04:40]}  R5a6 {[%clk 0:01:39]} 33. Rb5 {[%clk 0:04:17]}  Re6 {[%clk 0:01:28]} 34. Rb4 {[%clk 0:04:14]}  Rea6 {[%clk 0:01:52]} 35. Nd1 {[%clk 0:02:06]}  R8a7 {[%clk 0:01:10]} 36. Ne3 {[%clk 0:02:07]}  Nd7 {[%clk 0:00:49]} 37. Rb5 {[%clk 0:01:46]}  Rc6 {[%clk 0:00:46]} 38. Rc3 {[%clk 0:01:56]}  Rac7 {[%clk 0:00:41]} 39. Nd5 {[%clk 0:00:45]}  Rxc3 {[%clk 0:00:59]} 40. Nxc3 {[%clk 0:01:13]}  Nc5 {[%clk 0:01:18]} 41. Ke3 {[%clk 0:26:16]}  Rc6 {[%clk 0:24:40]} 42. g3 {[%clk 0:24:35]}  Ne6 {[%clk 0:19:30]} 43. Kd3 {[%clk 0:16:37]}  Nd4 {[%clk 0:16:48]} 44. Rxe5 {[%clk 0:15:31]}  Nxf3 {[%clk 0:17:09]} 45. Ra5 {[%clk 0:15:56]}  Ne1+ {[%clk 0:16:51]} 46. Kd2 {[%clk 0:16:08]}  Nf3+ {[%clk 0:17:01]} 47. Kc2 {[%clk 0:16:28]}  Ne1+ {[%clk 0:17:22]} 48. Kd2 {[%clk 0:16:43]} 1/2-1/2

[Event "45th FIDE Chess Olympiad Open"]
[Site "Budapest, Hungary"]
[Date "2024.09.20"]
[Round "9"]
[White "Bologan, Victor"]
[Black "Smirin, Ilia"]
[Result "1-0"]
[Board "59"]
[WhiteFideId "13900048"]
[BlackFideId "2801990"]
[WhiteTitle "GM"]
[BlackTitle "GM"]
[WhiteElo "2598"]
[BlackElo "2575"]
[WhiteTeam "Moldova"]
[BlackTeam "Israel"]
[WhiteClock "0:02:12"]
[BlackClock "0:04:41"]
[Variant "Standard"]

1. e4 {[%clk 1:30:59]}  c5 {[%clk 1:30:49]} 2. Nf3 {[%clk 1:31:23]}  Nc6 {[%clk 1:31:14]} 3. d4 {[%clk 1:31:44]}  cxd4 {[%clk 1:31:31]} 4. Nxd4 {[%clk 1:32:10]}  Nf6 {[%clk 1:31:56]} 5. Nc3 {[%clk 1:32:36]}  d6 {[%clk 1:32:20]} 6. Bg5 {[%clk 1:32:52]}  Bd7 {[%clk 1:31:56]} 7. Qd2 {[%clk 1:32:24]}  a6 {[%clk 1:32:07]} 8. f3 {[%clk 1:29:40]}  e6 {[%clk 1:30:49]} 9. O-O-O {[%clk 1:28:34]}  Nxd4 {[%clk 1:29:26]} 10. Qxd4 {[%clk 1:29:00]}  Be7 {[%clk 1:29:51]} 11. h4 {[%clk 1:24:25]}  b5 {[%clk 1:26:46]} 12. g4 {[%clk 1:11:30]}  Rb8 {[%clk 1:22:46]} 13. Kb1 {[%clk 1:00:40]}  Qc7 {[%clk 1:10:15]} 14. Qd2 {[%clk 0:48:52]}  b4 {[%clk 1:00:48]} 15. Ne2 {[%clk 0:49:16]}  a5 {[%clk 1:01:08]} 16. Be3 {[%clk 0:39:07]}  Bb5 {[%clk 0:56:41]} 17. Nf4 {[%clk 0:32:55]}  Bxf1 {[%clk 0:50:10]} 18. Rhxf1 {[%clk 0:33:19]}  Nd7 {[%clk 0:49:13]} 19. g5 {[%clk 0:33:40]}  O-O {[%clk 0:40:26]} 20. b3 {[%clk 0:25:08]}  Rfc8 {[%clk 0:39:32]} 21. Bd4 {[%clk 0:24:25]}  Ne5 {[%clk 0:37:28]} 22. Nh5 {[%clk 0:23:28]}  Bf8 {[%clk 0:30:53]} 23. f4 {[%clk 0:23:43]}  Nc6 {[%clk 0:29:28]} 24. Bb2 {[%clk 0:21:04]}  Na7 {[%clk 0:29:55]} 25. f5 {[%clk 0:20:28]}  Nb5 {[%clk 0:28:19]} 26. fxe6 {[%clk 0:13:23]}  fxe6 {[%clk 0:28:40]} 27. Nf4 {[%clk 0:13:12]}  Re8 {[%clk 0:26:04]} 28. g6 {[%clk 0:11:32]}  h6 {[%clk 0:24:11]} 29. Rf3 {[%clk 0:11:35]}  Qc6 {[%clk 0:20:44]} 30. Nh5 {[%clk 0:10:53]}  Rbc8 {[%clk 0:17:35]} 31. Rf7 {[%clk 0:03:38]}  Qxe4 {[%clk 0:15:22]} 32. Rg1 {[%clk 0:03:54]}  Re7 {[%clk 0:08:19]} 33. Qf2 {[%clk 0:03:13]}  Rec7 {[%clk 0:08:35]} 34. Rf1 {[%clk 0:01:14]}  Qxg6 {[%clk 0:08:53]} 35. Rxf8+ {[%clk 0:01:40]}  Rxf8 {[%clk 0:09:02]} 36. Qxf8+ {[%clk 0:01:53]}  Kh7 {[%clk 0:09:28]} 37. Bxg7 {[%clk 0:01:56]}  Na3+ {[%clk 0:04:41]} 38. Ka1 {[%clk 0:02:12]} 1-0

[Event "45th FIDE Chess Olympiad Open"]
[Site "Budapest, Hungary"]
[Date "2024.09.20"]
[Round "9"]
[White "Postny, Evgeny"]
[Black "Iordachescu, Viorel"]
[Result "0-1"]
[Board "60"]
[WhiteFideId "2804344"]
[BlackFideId "13900200"]
[WhiteTitle "GM"]
[BlackTitle "GM"]
[WhiteElo "2577"]
[BlackElo "2572"]
[WhiteTeam "Israel"]
[BlackTeam "Moldova"]
[WhiteClock "0:08:10"]
[BlackClock "0:38:53"]
[Variant "Standard"]

1. d4 {[%clk 1:30:55]}  Nf6 {[%clk 1:30:49]} 2. c4 {[%clk 1:31:18]}  g6 {[%clk 1:31:06]} 3. Nc3 {[%clk 1:31:36]}  Bg7 {[%clk 1:31:19]} 4. e4 {[%clk 1:31:58]}  d6 {[%clk 1:31:20]} 5. Nf3 {[%clk 1:32:15]}  O-O {[%clk 1:31:34]} 6. Be2 {[%clk 1:32:27]}  Na6 {[%clk 1:31:16]} 7. Be3 {[%clk 1:23:43]}  e5 {[%clk 1:29:20]} 8. d5 {[%clk 1:24:05]}  Nh5 {[%clk 1:28:53]} 9. Nd2 {[%clk 1:06:03]}  Nf4 {[%clk 1:25:22]} 10. Bf1 {[%clk 1:04:57]}  f5 {[%clk 1:16:53]} 11. Nb3 {[%clk 1:04:00]}  Qe8 {[%clk 1:02:01]} 12. a3 {[%clk 0:58:05]}  b6 {[%clk 1:02:02]} 13. Qc2 {[%clk 0:54:17]}  Bd7 {[%clk 0:47:59]} 14. O-O-O {[%clk 0:48:02]}  fxe4 {[%clk 0:44:42]} 15. Nxe4 {[%clk 0:43:54]}  Nc5 {[%clk 0:44:58]} 16. Nbd2 {[%clk 0:34:37]}  a5 {[%clk 0:42:13]} 17. Re1 {[%clk 0:27:54]}  a4 {[%clk 0:34:38]} 18. h4 {[%clk 0:26:18]}  Rb8 {[%clk 0:30:50]} 19. g3 {[%clk 0:25:57]}  Nh5 {[%clk 0:30:38]} 20. Bg2 {[%clk 0:19:09]}  Bf5 {[%clk 0:27:45]} 21. Kb1 {[%clk 0:19:01]}  Nxe4 {[%clk 0:25:35]} 22. Nxe4 {[%clk 0:13:03]}  b5 {[%clk 0:25:57]} 23. Ka2 {[%clk 0:11:12]}  b4 {[%clk 0:25:48]} 24. axb4 {[%clk 0:11:37]}  Rxb4 {[%clk 0:26:13]} 25. Bd2 {[%clk 0:11:34]}  Rb3 {[%clk 0:23:22]} 26. Bc3 {[%clk 0:10:45]}  Qb8 {[%clk 0:21:54]} 27. Bh3 {[%clk 0:03:58]}  Qb6 {[%clk 0:20:12]} 28. Bxf5 {[%clk 0:02:35]}  gxf5 {[%clk 0:20:32]} 29. Nd2 {[%clk 0:02:57]}  e4 {[%clk 0:18:00]} 30. Bxg7 {[%clk 0:03:09]}  Nxg7 {[%clk 0:18:15]} 31. c5 {[%clk 0:03:22]}  Qb4 {[%clk 0:17:24]} 32. Re3 {[%clk 0:02:53]}  Ra8 {[%clk 0:15:19]} 33. cxd6 {[%clk 0:02:28]}  cxd6 {[%clk 0:15:33]} 34. Rd1 {[%clk 0:01:09]}  Ne8 {[%clk 0:14:30]} 35. Rc3 {[%clk 0:01:14]}  Nf6 {[%clk 0:12:46]} 36. Rc8+ {[%clk 0:00:47]}  Rxc8 {[%clk 0:13:09]} 37. Qxc8+ {[%clk 0:01:14]}  Kg7 {[%clk 0:12:56]} 38. Qc2 {[%clk 0:01:05]}  Rd3 {[%clk 0:13:00]} 39. Qc7+ {[%clk 0:00:53]}  Kg6 {[%clk 0:13:07]} 40. h5+ {[%clk 0:01:14]}  Nxh5 {[%clk 0:12:59]} 41. g4 {[%clk 0:08:24]}  fxg4 {[%clk 0:42:46]} 42. Qc8 {[%clk 0:08:28]}  Nf6 {[%clk 0:42:58]} 43. Rg1 {[%clk 0:08:42]}  Qxd2 {[%clk 0:37:46]} 44. Rxg4+ {[%clk 0:08:22]}  Nxg4 {[%clk 0:38:10]} 45. Qxg4+ {[%clk 0:08:48]}  Qg5 {[%clk 0:38:19]} 46. Qxe4+ {[%clk 0:07:50]}  Qf5 {[%clk 0:38:44]} 47. Qe8+ {[%clk 0:08:10]}  Kh6 {[%clk 0:38:53]} 0-1